[Event "Yerevan op 2nd"]
[Site "Yerevan"]
[Date "2017.09.23"]
[Round "5"]
[White "Avetisyan, Mariam"]
[Black "Mkrtumyan, Robert"]
[Result "1-0"]
[WhiteElo "1976"]
[BlackElo "1642"]
[PlyCount "46"]
[EventDate "2017.09.19"]
[EventType "swiss"]
[EventRounds "9"]
[EventCountry "ARM"]
[SourceTitle "CBM 180 Extra"]
[Source "ChessBase"]
[SourceDate "2017.10.06"]
[SourceVersion "1"]
[SourceVersionDate "2017.10.06"]
[SourceQuality "1"]

1. d4 Nf6 2. c4 e5 3. dxe5 Ng4 4. Bf4 g5 5. Bg3 Nc6 6. Nf3 Bg7 7. Nc3 Ngxe5 8. Nxe5 Nxe5 9. e3 d6 10. Be2 0-0 11. Qd2 Be6 12. b3 f5 13. f4 gxf4 14. exf4 Nc6 15. 0-0 Qf6 16. Rac1 Qd4+ 17. Qxd4 Nxd4 18. Bd3 c6 19. Bf2 Rae8 20. Rfd1 Bd7 21. Rd2 c5 22. Ne2 Nxe2+ 23. Bxe2 Re6 1-0